000 00550nam a2200217Ia 4500
005 20250508165042.0
008 008 250505s9999 xx 000 0 eng d
020 _a81-248-0005-7
037 _aTextual
040 _aFEDL
_beng
_cFEDL
041 _aeng
_2eng
084 _a823, DIC
_qFEDL
100 _aDickens Charles
245 0 _aOliver Twist
260 _aNew Delhi, India
_bPeacock Books
_c1993
300 _aviii,472p.
365 _aINR
_b60
546 _aMACESE
942 _cTEXL
_h823, DIC
999 _c1392846
_d1392846